Spoločné magisterské programy - cesta k formovaniu návykov interkultúrnej komunikácie
Zmeny v spoločenskej, politickej a ekonomickej sfére vyvolávajú potrebu zmien v nárokoch na vysokoškolsky vzdelaných ľudí. Vzniká tlak na unifikáciu vzdelávania v európskom meradle a potrebu formovania návykov interkultúrnej komunikácie. Týmto požiadavkám zodpovedá vznik spoločných medzinárodných ma...
Guardado en:
| Autor principal: | |
|---|---|
| Formato: | Capítulo de libro |
| Lenguaje: | eslovaco |
| Materias: | |
| Etiquetas: |
Sin Etiquetas, Sea el primero en etiquetar este registro!
|
MARC
| LEADER | 00000nla$a2200000$$$4500 | ||
|---|---|---|---|
| 001 | 0095068 | ||
| 005 | 20240502072046.7 | ||
| 041 | 0 | |a slo | |
| 044 | |a SK | ||
| 245 | 1 | 0 | |a Spoločné magisterské programy - cesta k formovaniu návykov interkultúrnej komunikácie |c Katarína Strelková |
| 520 | |a Zmeny v spoločenskej, politickej a ekonomickej sfére vyvolávajú potrebu zmien v nárokoch na vysokoškolsky vzdelaných ľudí. Vzniká tlak na unifikáciu vzdelávania v európskom meradle a potrebu formovania návykov interkultúrnej komunikácie. Týmto požiadavkám zodpovedá vznik spoločných medzinárodných magisterských programov, obsahujúcich nielen odborné vzdelávanie, ale tiež výchovu k interkultúrnej komunikácii. | ||
| 610 | 2 | 0 | |a vzdelávanie vysokoškolské |
| 610 | 2 | 0 | |a štúdium magisterské |
| 610 | 2 | 0 | |a unifikácia |
| 610 | 2 | 0 | |a globalizácia |
| 610 | 2 | 0 | |a jazyky cudzie |
| 610 | 2 | 0 | |a komunikácia multikultúrna |
| 610 | 2 | 0 | |a spolupráca medzinárodná |
| 100 | 1 | |a Strelková, Katarína | |